000 00600nam a2200229 4500
001 2028
010 _a9789899061309
021 _aPT
_b547421/25
090 _a2028
100 _a20260113d2025 c||y0pory50030103ba
101 _apor
102 _aPT
200 _aO dia mais chato
_fMaria Nogueira Nössing
205 _a1ª edição
210 _aCarcavelos
_cPlaneta Tangerina
_d2025
215 _a[28] p.
_cil.
_d23 cm
300 _aBMB-Registado
606 _9863
_aLiteratura Infantil
675 _a087.5
_vBMB
_zpor
700 _aNössing
_bMaria Nogueira
_f1984-
_92904
801 _aPT
_bBMB
_gRPC
990 _cLIVROS